ბათუმის შოთა რუსთაველის სახელმწიფო უნივერსიტეტის ბიბლიოთეკა

Основы электроснабжения промишленных предприятий. (ბიბ.ჩანაწერი № 50887)

000 -LEADER
fixed length control field 00726nam a2200217Ia 4500
001 - CONTROL NUMBER
control field 17842
003 - CONTROL NUMBER IDENTIFIER
control field GE_BSU
008 - FIXED-LENGTH DATA ELEMENTS--GENERAL INFORMATION
fixed length control field 181216s||||||||xx |||||||||||||| ||und||
040 ## - CATALOGING SOURCE
Transcribing agency GE_BSU
080 ## - UNIVERSAL DECIMAL CLASSIFICATION NUMBER
Universal Decimal Classification number 658.26
100 ## - MAIN ENTRY--PERSONAL NAME
Personal name Федоров,А.А.
245 ## - TITLE STATEMENT
Title Основы электроснабжения промишленных предприятий.
245 ## - TITLE STATEMENT
Remainder of title Учебное пособие.
245 ## - TITLE STATEMENT
Statement of responsibility, etc. Ред. Е.В.Чеботарев.
260 ## - PUBLICATION, DISTRIBUTION, ETC.
Place of publication, distribution, etc. М.
260 ## - PUBLICATION, DISTRIBUTION, ETC.
Name of publisher, distributor, etc. Энергия.
260 ## - PUBLICATION, DISTRIBUTION, ETC.
Date of publication, distribution, etc. 1967.
300 ## - PHYSICAL DESCRIPTION
Extent 416 стр. с илл. 22 см. Библиогр.: стр. 413-416.
653 ## - INDEX TERM--UNCONTROLLED
Uncontrolled term Основы электроснабжения промишленных предприятий.
942 ## - ADDED ENTRY ELEMENTS (KOHA)
Koha item type წიგნი
ეგზემპლარები
Withdrawn status Lost status Damaged status Not for loan Date acquired Barcode Date last seen Price effective from Koha item type
        2018-12-17 10940 2018-12-17 2018-12-17 წიგნი
        2018-12-17 10941 2018-12-17 2018-12-17 წიგნი